Statistiques concernant Focus sur: Théodwyn - Tolkien

Cliquez ici pour prendre le quiz!

Statistiques générales

  • Ce quiz a été pris 7 fois
  • Le résultat moyen est 9 sur 14

Statistiques - réponses

Informations recherchéesRéponses% Correct
Couleur des cheveuxBlond
100%
EspèceHomme
100%
RoyaumeRohan
100%
Première mentionLe Seigneur des Anneaux: Les Deux Tours
86%
Ages durant lequel ellel vécutTroisième
86%
CitéEdoras
71%
TitreNoble du Rohan
71%
FilsEomer
57%
Maison (lignée)Maison d'{Eorl}
57%
FilleEowyn
43%
PèreThengel
29%
FrèreThéoden
29%
EpouxEomund
14%
MèreMorwen de Lossarnach
14%

Distribution des résultats

Percentile par nombre de réponses

% des personnes avec chaque résultat

Votre développement - résultats

Vous n’avez pas pris ce quiz